[Event "GER-chT U16 Girls"]
[Site "Magdeburg"]
[Date "2023.12.29"]
[Round "6.3"]
[White "Glotz, Diana"]
[Black "Krasikova, Milana"]
[Result "1-0"]
[WhiteElo "1420"]
[BlackElo "1290"]
[PlyCount "61"]
[EventDate "2023.12.26"]
[EventType "team-swiss"]
[EventRounds "7"]
[EventCountry "GER"]
[SourceTitle "CB03_2024"]
[SourceDate "2024.01.17"]
[SourceVersion "1"]
[SourceVersionDate "2024.01.17"]
[SourceQuality "1"]
[WhiteTeam "Altenberg"]
[BlackTeam "Hamburger SK"]
[WhiteTeamCountry "GER"]
[BlackTeamCountry "GER"]

1. e4 e5 2. Nf3 Nc6 3. d4 exd4 4. Bc4 Bc5 5. c3 dxc3 6. Bxf7+ Kxf7 7. Qd5+ Kf8 8. Qxc5+ d6 9. Qxc3 Nf6 10. Qc2 Qe7 11. Nc3 d5 12. 0-0 dxe4 13. Re1 Bf5 14. Ng5 Re8 15. Be3 Ng4 16. Ncxe4 Nxe3 17. Rxe3 Qxg5 18. Qc5+ Qe7 19. Qxf5+ Kg8 20. Nf6+ gxf6 21. Rxe7 Rxe7 22. Qxf6 Rf7 23. Qg5+ Kf8 24. Qc5+ Kg7 25. Qc3+ Rf6 26. Qg3+ Kf7 27. Qxc7+ Kg6 28. Qg3+ Kh6 29. Re1 Rd8 30. h3 Rfd6 31. Re4 1-0

[Event "GER-ch U12 Girls"]
[Site "Willingen"]
[Date "2021.08.28"]
[Round "8"]
[White "Terekhin, Maria"]
[Black "Krasikova, Milana"]
[Result "0-1"]
[WhiteElo "1030"]
[BlackElo "1244"]
[PlyCount "46"]
[EventDate "2021.08.22"]
[EventType "swiss"]
[EventRounds "9"]
[EventCountry "GER"]
[SourceTitle "EXT 2022"]
[Source "ChessBase"]
[SourceDate "2021.10.06"]
[SourceVersion "1"]
[SourceVersionDate "2021.10.06"]
[SourceQuality "1"]

1. e4 e5 2. Nc3 Nf6 3. a3 Nc6 4. Nf3 d6 5. Bb5 g6 6. d3 Bg7 7. 0-0 0-0 8. Bxc6 bxc6 9. Bg5 Re8 10. Re1 h6 11. Bxf6 Bxf6 12. Qd2 Kg7 13. Rad1 Bg4 14. Qe3 d5 15. exd5 cxd5 16. Qe2 Rb8 17. b4 e4 18. dxe4 Bxc3 19. Rf1 Rxe4 20. Qd3 Bf6 21. h3 Bxf3 22. Qxf3 c6 23. Kh1 Qe7 0-1

[Event "GER-chT U14 Girls"]
[Site "Willingen"]
[Date "2021.06.25"]
[Round "3.5"]
[White "Muhina, Alina"]
[Black "Krasikova, Milana"]
[Result "1-0"]
[WhiteElo "1343"]
[BlackElo "1077"]
[PlyCount "71"]
[EventDate "2021.06.23"]
[EventType "team-swiss"]
[EventRounds "7"]
[EventCountry "GER"]
[SourceTitle "EXT 2022"]
[Source "ChessBase"]
[SourceDate "2021.10.06"]
[SourceVersion "1"]
[SourceVersionDate "2021.10.06"]
[SourceQuality "1"]
[WhiteTeam "Garching"]
[BlackTeam "Hamburger SK"]
[WhiteTeamCountry "GER"]
[BlackTeamCountry "GER"]

1. e4 e5 2. Nf3 Nc6 3. d4 exd4 4. Nxd4 Nf6 5. Nxc6 bxc6 6. e5 Qe7 7. Qe2 Nd5 8. c4 Ba6 9. b3 Nb6 10. Ba3 Qe6 11. Bxf8 Rxf8 12. g3 0-0-0 13. Bg2 Kb8 14. Nd2 Rfe8 15. 0-0 f6 16. a4 fxe5 17. a5 Nd5 18. Ne4 d6 19. Qd2 Nf6 20. Nxf6 gxf6 21. Bxc6 Rf8 22. Qb4+ Kc8 23. Rfd1 Rh8 24. Rd5 Rdf8 25. Rb5 Bxb5 26. Qxb5 Kd8 27. Qb7 Qc8 28. Qxa7 Ke7 29. Bd5 Qb8 30. Qe3 Qc8 31. c5 Qd7 32. c6 Qd8 33. Qa7 Qb8 34. Qb7 Qa8 35. Qxc7+ Ke8 36. Qd7# 1-0

[Event "GER-chT U14 Girls"]
[Site "Neumuenster"]
[Date "2019.12.30"]
[Round "7.6"]
[White "Krasikova, Milana"]
[Black "Gyacsok, Dzvinka"]
[Result "1-0"]
[WhiteElo "1082"]
[BlackElo "997"]
[PlyCount "55"]
[EventDate "2019.12.27"]
[EventType "team-swiss"]
[EventRounds "7"]
[EventCountry "GER"]
[SourceTitle "CBM 194 Extra"]
[Source "ChessBase"]
[SourceDate "2020.03.31"]
[SourceVersion "1"]
[SourceVersionDate "2020.03.31"]
[SourceQuality "1"]
[WhiteTeam "Hamburger SK"]
[BlackTeam "Ingelheim"]
[WhiteTeamCountry "GER"]
[BlackTeamCountry "GER"]

1. e4 e5 2. Nf3 Nc6 3. Nc3 Nf6 4. Bb5 Bd6 5. d3 0-0 6. Bg5 Re8 7. Nd5 Nb4 8. Nxf6+ gxf6 9. Bh6 Kh8 10. a3 Nc6 11. Nh4 Nd4 12. Ba4 Rg8 13. c3 Ne6 14. Nf5 Rxg2 15. Qf3 Rg6 16. 0-0-0 Ng5 17. Bxg5 fxg5 18. Nxd6 Rxd6 19. Qxf7 Rf6 20. Qh5 Rxf2 21. h4 g4 22. Qxe5+ Rf6 23. Rhf1 Kg7 24. Qg5+ Kf7 25. e5 Rxf1 26. Rxf1+ Ke8 27. Qg8+ Ke7 28. Qf7# 1-0

[Event "GER-chT U14 Girls"]
[Site "Neumuenster"]
[Date "2019.12.28"]
[Round "4.7"]
[White "Krasikova, Milana"]
[Black "Koerle, Jolina"]
[Result "1-0"]
[WhiteElo "1082"]
[BlackElo "790"]
[PlyCount "68"]
[EventDate "2019.12.27"]
[EventType "team-swiss"]
[EventRounds "7"]
[EventCountry "GER"]
[SourceTitle "CBM 194 Extra"]
[Source "ChessBase"]
[SourceDate "2020.03.31"]
[SourceVersion "1"]
[SourceVersionDate "2020.03.31"]
[SourceQuality "1"]
[WhiteTeam "Hamburger SK"]
[BlackTeam "Harksheide"]
[WhiteTeamCountry "GER"]
[BlackTeamCountry "GER"]

1. e4 e5 2. Nf3 Nc6 3. Nc3 Bc5 4. Bb5 Nf6 5. d3 h6 6. 0-0 0-0 7. Bxc6 bxc6 8. Nxe5 Ba6 9. Ng4 d6 10. Qf3 Bd4 11. Be3 Bc5 12. Nxf6+ Qxf6 13. Qxf6 gxf6 14. Bxh6 Rab8 15. b3 Bd4 16. Bd2 Be5 17. Rab1 Kg7 18. Ne2 Rh8 19. Bf4 d5 20. Bxe5 fxe5 21. exd5 cxd5 22. Nc3 d4 23. Nd5 Rhc8 24. Ne7 Re8 25. Nc6 Bc8 26. Nxa7 Bf5 27. Rfe1 Re6 28. Nb5 c6 29. Nc7 Rg6 30. Rxe5 Bh3 31. g3 f6 32. Rc5 Rg5 33. Rxc6 Re5 34. b4 Rh5 1-0

[Event "GER-ch U10 Girls"]
[Site "Willingen"]
[Date "2019.06.14"]
[Round "10"]
[White "Krasikova, Milana"]
[Black "Moldovan, Tatiana"]
[Result "1/2-1/2"]
[WhiteElo "1023"]
[BlackElo "1269"]
[PlyCount "67"]
[EventDate "2019.06.08"]
[EventType "swiss"]
[EventRounds "11"]
[EventCountry "GER"]
[SourceTitle "EXT 2020"]
[Source "ChessBase"]
[SourceDate "2019.10.17"]
[SourceVersion "1"]
[SourceVersionDate "2019.10.17"]
[SourceQuality "1"]

1. e4 c5 2. c4 e5 3. Nf3 Nc6 4. Nc3 Nf6 5. Be2 d6 6. d3 Bd7 7. Bg5 Be7 8. 0-0 Bg4 9. Re1 0-0 10. h3 Bh5 11. Rc1 Rb8 12. Qd2 h6 13. Bh4 Nd4 14. Nxd4 cxd4 15. Nd5 Bxe2 16. Nxe7+ Qxe7 17. Qxe2 Qe6 18. Qf3 Nd7 19. b4 b6 20. a3 Rbc8 21. Rc2 Rc7 22. Rec1 Rfc8 23. Qg4 Qxg4 24. hxg4 f6 25. Kh2 g5 26. Bg3 Kf7 27. f3 Rh8 28. Kh3 Rb7 29. Kh2 a5 30. Be1 a4 31. b5 Ke6 32. Bb4 Rc8 33. Rb1 Rh8 34. Kh3 1/2-1/2